Personnages de Family Guy - Statistiques

Statistiques générales
  • Ce quiz a été pris 258 fois
  • Le résultat moyen est 9 sur 12
Statistiques - réponses
Hint Réponse % Correct
Père de famille Peter Griffin
99%
Mère de famille Lois Griffin
94%
Fille du couple Meg Griffin
93%
Chien de la famille Brian
92%
Bébé du couple Stewie Griffin
88%
... son ami (pilote d'avion) Glenn Quagmire
84%
... son ami (handicapé) Joe Swanson
84%
Garçon du couple Chris Griffin
80%
... ... sa femme Bonnie Swanson
63%
... voisin (vieux) Mr Herbert
55%
Femme de ménage de la famille Consuela
42%
... son père Carter Pewterschmidt
24%
Aucun quiz correspondant
Distribution des résultats
% des personnes avec chaque résultat
Percentile par nombre de réponses
Votre historique - résultats
Vous n’avez pas pris ce quiz